Catálogo
 En Linea

El tribunal superior administrativo : (Registro nro. 13097)

Detalles MARC
000 -CABECERA
campo de control de longitud fija 01243nam a2200253 a 4500
001 - NÚMERO DE CONTROL
campo de control 000013473
005 - FECHA Y HORA DE LA ÚLTIMA TRANSACCIÓN
campo de control 20200929163236.0
008 - DATOS DE LONGITUD FIJA--INFORMACIÓN GENERAL
campo de control de longitud fija 091125s1981 dr 000 0 spa d
040 ## - FUENTE DE LA CATALOGACIÓN
Centro catalogador/agencia de origen DO-SdBNP
Lengua de catalogación spa
Centro/agencia transcriptor BNPHU
082 ## - NÚMERO DE LA CLASIFICACIÓN DECIMAL DEWEY
Número de clasificación 347.013
Número de documento/Ítem C292t, 1981
049 ## - FONDOS LOCALES (OCLC)
Fondos de biblioteca BNPD
100 1# - ENTRADA PRINCIPAL--NOMBRE DE PERSONA
Nombre de persona Caro, Néstor
9 (RLIN) 28234
245 13 - MENCIÓN DE TÍTULO
Título El tribunal superior administrativo :
Resto del título su procedencia /
Mención de responsabilidad, etc. Néstor Caro, R. Romero Feliciano.
250 ## - MENCIÓN DE EDICIÓN
Mención de edición [2ª ed.]
260 ## - PUBLICACIÓN, DISTRIBUCIÓN, ETC.
Lugar de publicación, distribución, etc. San Pedro de Macorís, República Dominicana :
Nombre del editor, distribuidor, etc. Universidad Central del Este,
Fecha de publicación, distribución, etc. 1981.
Fabricante Taller
300 ## - DESCRIPCIÓN FÍSICA
Extensión 78 p. ;
Dimensiones 24 cm.
500 ## - NOTA GENERAL
Nota general Incluye datos biográficos de los autores en la contraportada.
505 0# - NOTA DE CONTENIDO CON FORMATO
Información miscelánea Prólogo a la segunda edición --
-- Preámbulo --
Título Ley no. 1494 que instituye la jurisdicción contencioso-administrativo --
-- Fichas en la Jurisprudencia de lo contencioso-administrativo del Lic. Humberto Doucudray --
-- Dos sentencias para una orientación --
-- Índice temático de la Ley 1494.
650 #4 - PUNTO DE ACCESO ADICIONAL DE MATERIA--TÉRMINO DE MATERIA
Término de materia o nombre geográfico como elemento de entrada Tribunales
Subdivisión general Derecho y legislación
9 (RLIN) 30781
651 #4 - PUNTO DE ACCESO ADICIONAL DE MATERIA--NOMBRE GEOGRÁFICO
Nombre geográfico República Dominicana
Subdivisión general Tribunal Constitucional
-- Legislación
9 (RLIN) 30782
651 #4 - PUNTO DE ACCESO ADICIONAL DE MATERIA--NOMBRE GEOGRÁFICO
Nombre geográfico República Dominicana
Subdivisión general Ley 1494
9 (RLIN) 30783
700 1# - PUNTO DE ACCESO ADICIONAL--NOMBRE DE PERSONA
Nombre de persona Romero Feliciano, R
9 (RLIN) 30784
910 ## - DATOS DE OPCIÓN DEL USUARIO (OCLC)
Datos de opción del usuario Validado. Control de calidad EMS
Existencias
Estado de retiro Estado de pérdida No para préstamo Código de colección Localización permanente Ubicación/localización actual Ubicación en estantería Fecha de adquisición Número de inventario Total de préstamos Signatura topográfica completa Código de barras Fecha visto por última vez Precio válido a partir de Tipo de ítem Koha
    Excluido de préstamo Patrimonio Dominicano Patrimonio Dominicano Patrimonio Dominicano Depósito 25.11.2009 LF1   347.013 C292t, 1981 13473-10 25.06.2020 25.06.2020 Libro y Folleto Colección Patrimonio Dominicano

Con tecnología Koha